000 00355nam a2200133 a 4500
005 20140414132101.0
008 100717s19uu xx 00 eng d
050 _aER
_bP93 1999
100 _aPrimavera, Elise
245 _aAuntie Claus.
260 _aSan Diego, New York :
_bSilver Whistle.
650 _aChristmas
_xJuvenile literature
999 _c114453
_d114453